| 000 | 00612nam a2200217 a 4500 | ||
|---|---|---|---|
| 005 | 20240925065013.0 | ||
| 008 | 991125s1999 es 000 0 spa u | ||
| 020 | _a8449307902 | ||
| 035 | _aUPN01000010091 | ||
| 049 | _aCG | ||
| 050 | 4 |
_aBF175 _bA3.2 |
|
| 100 | 1 |
_aAdler, Alfred, _d1870-1937 |
|
| 245 | 1 | 0 |
_aComprender la vida / _cAlfred Adler ; comp. por Colín Brett. |
| 260 |
_aBarcelona, Esp. : _bPaidós, _c1999. |
||
| 300 | _a176 p. | ||
| 440 | 0 |
_aPaidós saberes cotidianos ; _v18 |
|
| 650 | 4 |
_aPsicoanálisis _91572 |
|
| 650 | 4 |
_aPsicología _938 |
|
| 700 | 1 |
_aBrett, Colin, _ecomp. |
|
| 905 | _aLibro | ||
| 999 |
_c10091 _d10091 |
||